Statistics for AWS most popular services

Click here to take the quiz!

General Stats

  • This quiz has been taken 9 times
    (8 since last reset)
  • The average score is 24 of 45

Answer Stats

HintAnswer% Correct
Analyze data in S3 using standard SQLAthena
100%
CDNCloudFront
100%
Elastic Compute CloudEC2
100%
Elastic Kubernetes ServiceEKS
100%
Identity and Access ManagementIAM
100%
ServerlessLambda
100%
Relational Database ServiceRDS
100%
Simple Storage ServiceS3
100%
Simple Notification ServiceSNS
100%
Virtual Private CloudVPC
100%
ProvisioningCloudFormation
86%
Monitoring and observabilityCloudWatch
86%
NoSQL databaseDynamoDB
86%
Elastic Block StoreEBS
86%
Real-time processing of streaming data at massive scaleKinesis
86%
DNSRoute 53
86%
Simple Queue ServiceSQS
86%
Web Application FirewallWAF
86%
Key Management ServiceKMS
71%
Dedicated network connection from your premises to AWS,Direct Connect
57%
ETLGlue
57%
Fast, scalable data warehouseRedshift
57%
Deploying and scaling web applicationsElastic Beanstalk
43%
Serverless compute engine for containers that works with ECS and EKSFargate
43%
Text to voicePolly
43%
Certificate ManagerACM
29%
Automates code deployments (inc. Lambda, EC2)CodeDeploy
29%
Fast, managed, in-memory cachesElasticache
29%
ElasticsearchES
29%
petabyte-scale data transport solutionSnowball
29%
Service mesh that provides application-level networkingApp Mesh
14%
Meet, chat, and place business callsChime
14%
CI/CDCodePipeline
14%
threat detectionGuardDuty
14%
Conversational interfacesLex
14%
Virtual private servers, storage, databases, and networkingLightsail
14%
ActiveMQMQ
14%
Image and video analysisRekognition
14%
Secrets managementSecrets Manager
14%
Coordinates multiple AWS services into serverless workflowsStep Functions
14%
Analyze and debug productionX-Ray
14%
Governance, compliance, operational auditing, and risk auditingCloudTrail
0%
Business intelligenceQuickSight
0%
Develop, simulate, and deploy intelligent robotics applicationsRoboMaker
0%
Desktop-as-a-Service (DaaS)WorkSpaces
0%

Score Distribution

Percentile by Number Answered

Percent of People with Each Score

Your Score History

You have not taken this quiz since the last reset